000 00310nam a2200109Ia 4500
008 190911s9999||||xx |||||||||||||| ||und||
100 _aDikranjan, Prodanov
245 0 _aTopological Groups (Characters, Dualities, And Minimal Group Topologies)
260 _aUSA
_bMc Graw Hill
_c1990
300 _a287
942 _cBK
999 _c6806
_d6806